Normal view
MARC view
Entry Topical Term
001 - CONTROL NUMBER
- control field: 3054
003 - CONTROL NUMBER IDENTIFIER
- control field: OSt
005 - DATE AND TIME OF LATEST TRANSACTION
- control field: 20150227132457.0
008 - FIXED-LENGTH DATA ELEMENTS
- fixed length control field: 150227|| aca||aabn | a|a d
040 ## - CATALOGING SOURCE
- Original cataloging agency: OSt
- Transcribing agency: OSt
150 ## - HEADING--TOPICAL TERM
- Topical term or geographic name entry element: Hematology
- General subdivision: Atlases.
670 ## - SOURCE DATA FOUND
- Source citation: Work cat.: (OSt)1119: Carr, Jacqueline H. 3052, Clinical hematology atlas /, c1999.
